Satan's keyhole : a western duo / by Les Savage, Jr.
Record details
- ISBN: 9781432826338 (hardcover)
- ISBN: 1432826336 (hardcover)
- Physical Description: 214 pages ; 22 cm.
- Edition: First edition.
- Publisher: Waterville, Maine : Five Star, a part of Gale, Cengage Learning 2013.
Content descriptions
| General Note: | "A Five Star western"--Title page verso. |
| Formatted Contents Note: | Silver and shells for General Kearny -- Satan's keyhole. |
Search for related items by subject
| Subject: | Western stories. |
Available copies
- 1 of 1 copy available at scottsboropl.
Holds
- 0 current holds with 1 total copy.
Show Only Available Copies
| Location | Call Number / Copy Notes | Barcode | Shelving Location | Status | Due Date |
|---|---|---|---|---|---|
| scottsboropl | F Sav | 32269000911878 | Adult - Fiction | Available | - |
| LDR | 01115nam a22003378i 4500 | ||
|---|---|---|---|
| 001 | 135274 | ||
| 003 | CONS | ||
| 005 | 20140703073308.0 | ||
| 008 | 130122s2013 meu 000 1 eng | ||
| 010 | . | ‡a 2012050955 | |
| 020 | . | ‡a9781432826338 (hardcover) | |
| 020 | . | ‡a1432826336 (hardcover) | |
| 035 | . | ‡a(CPomAG)LMN559686 | |
| 043 | . | ‡an-usp-- | |
| 050 | 0 | 0. | ‡aPS3569.A826 ‡bA6 2013 |
| 082 | 0 | 0. | ‡a813/.54 ‡223 |
| 100 | 1 | . | ‡aSavage, Les. |
| 240 | 1 | 0. | ‡aNovels. ‡kSelections |
| 245 | 1 | 0. | ‡aSatan's keyhole : ‡ba western duo / ‡cby Les Savage, Jr. |
| 250 | . | ‡aFirst edition. | |
| 264 | 1. | ‡aWaterville, Maine : ‡bFive Star, a part of Gale, Cengage Learning ‡c2013. | |
| 300 | . | ‡a214 pages ; ‡c22 cm. | |
| 336 | . | ‡atext ‡2rdacontent | |
| 337 | . | ‡aunmediated ‡2rdamedia | |
| 338 | . | ‡avolume ‡2rdacarrier | |
| 500 | . | ‡a"A Five Star western"--Title page verso. | |
| 505 | 0 | . | ‡aSilver and shells for General Kearny -- Satan's keyhole. |
| 650 | 0. | ‡aWestern stories. | |
| 914 | . | ‡dSCP_ng | |
| 959 | . | ‡i32269000911878 ‡lF Sav ‡aAdult - Fiction ‡tFiction ‡g26.00 | |
| 852 | . | ‡p32269000911878 ‡jF Sav ‡gAdult - Fiction ‡cFiction ‡y26.00 ‡bSBPL | |
| 901 | . | ‡a135274 ‡bUnknown ‡c135274 ‡tbiblio | |